000 00309nam a22001337a 4500
008 181121b xxu||||| |||| 00| 0 eng d
020 _a2740338564932
041 _aeng
080 _a321
100 _a22
101 _aPOL
245 _aState Local Politics Institions Reform
_cSmith.D
942 _2udc
_cBK
999 _c52262
_d52262